|
|
|
|
| LEADER |
00000nam0a2200000 4500 |
| 001 |
363579 |
| 005 |
20231102011614.0 |
| 035 |
|
|
|a (RuTPU)RU\TPU\retro\20926
|
| 090 |
|
|
|a 363579
|
| 100 |
|
|
|a 20211005d1976 m y0rusy50 ca
|
| 101 |
0 |
|
|a rus
|
| 102 |
|
|
|a RU
|
| 105 |
|
|
|a a z 001zy
|
| 200 |
1 |
|
|a Современные геологические процессы на Черноморском побережье СССР
|f Всесоюзный научно-исследовательский институт гидрогеологии и инженерной геологии ; под ред. А. И. Шеко
|
| 210 |
|
|
|a Москва
|c Недра
|d 1976
|
| 215 |
|
|
|a 184 с.
|c ил.
|
| 320 |
|
|
|a Библиогр.: с. 180-182
|
| 606 |
1 |
|
|a Экзогенные процессы
|2 stltpush
|3 (RuTPU)RU\TPU\subj\26505
|9 50419
|
| 610 |
1 |
|
|a Черноморское побережье
|
| 610 |
1 |
|
|a изученность
|
| 610 |
1 |
|
|a эндогенные геологические процессы
|
| 610 |
1 |
|
|a выветривание
|
| 610 |
1 |
|
|a абразивные процессы
|
| 610 |
1 |
|
|a аккумулятивные процессы
|
| 610 |
1 |
|
|a оползни
|
| 610 |
1 |
|
|a эрозия
|
| 610 |
1 |
|
|a сели
|
| 610 |
1 |
|
|a обвалы
|
| 610 |
1 |
|
|a осыпи
|
| 610 |
1 |
|
|a карст
|
| 610 |
1 |
|
|a реки
|
| 610 |
1 |
|
|a твердые стоки
|
| 675 |
|
|
|a 551.3
|v 4
|
| 702 |
|
1 |
|a Шеко
|b А. И.
|g Аркадий Илларионович
|4 340
|
| 712 |
0 |
2 |
|a Всесоюзный научно-исследовательский институт гидрогеологии и инженерной геологии
|c (пос. Зеленый, Московская область)
|2 stltpush
|3 (RuTPU)RU\TPU\col\2061
|9 23644
|
| 801 |
|
1 |
|a RU
|b 63413507
|c 20211005
|
| 942 |
|
|
|c BK
|